[Event "Tournoi Skype 010"]
[Site "Skype"]
[Date "????.??.??"]
[Round "4.13"]
[White "Hargez, Dany"]
[Black "Le Brun, Yves"]
[Result "1-0"]
[WhiteElo "1399"]
[BlackElo "1638"]
[PlyCount "61"]

1. e4 c5 2. Nf3 a6 3. d4 e6 4. d5 d6 5. c4 Nf6 6. Bg5 Be7 7. Nc3 e5 8. Be2 h6
9. Bh4 Nbd7 10. O-O Nh5 11. Bxe7 Qxe7 12. g3 g6 13. Nh4 Ng7 14. f4 Nf6 15. f5
gxf5 16. exf5 Bd7 17. Bg4 O-O-O 18. Na4 Bxa4 19. Qxa4 h5 20. Bh3 Rh6 21. b4
Nge8 22. b5 Nc7 23. Qb3 Kb8 24. bxa6 Nxa6 25. Qb6 Ka8 26. Rab1 Rb8 27. Qa5 Qd8
28. Rb6 Ka7 29. Rfb1 Qc7 30. Rxa6+ bxa6 31. Qxc7+ 1-0

[Event "Tournoi Skype 010"]
[Site "Skype"]
[Date "????.??.??"]
[Round "4.14"]
[White "Milanese, Serge"]
[Black "De Leener, Luc"]
[Result "0-1"]
[WhiteElo "1399"]
[BlackElo "1607"]
[PlyCount "58"]

1. e4 c5 2. Nc3 Nc6 3. Nf3 d6 4. h3 a6 5. Bc4 e6 6. d3 Nf6 7. Bg5 Be7 8. d4
cxd4 9. Nxd4 O-O 10. a3 Qa5 11. O-O Qxg5 12. Nce2 Nxe4 13. Nf3 Qc5 14. Bd3 Ng5
15. Nxg5 Qxg5 16. Ng3 d5 17. c3 Bc5 18. Qc2 Qxg3 19. Bxh7+ Kh8 20. c4 Ne5 21.
Kh1 Qh4 22. cxd5 Ba7 23. d6 Qxh7 24. Qc7 Bb8 25. Qe7 Kg8 26. Rac1 Bd7 27. f4
Bc6 28. fxe5 Qxh3+ 29. Kg1 Qxg2# 0-1

[Event "Tournoi Skype 010"]
[Site "Skype"]
[Date "????.??.??"]
[Round "4.15"]
[White "Prasad Singh, Ambika"]
[Black "Engstrom, Olle"]
[Result "0-1"]
[WhiteElo "1330"]
[BlackElo "1590"]
[PlyCount "94"]

1. e4 c5 2. Nf3 d6 3. d4 cxd4 4. Nxd4 Nf6 5. Nc3 a6 6. Bg5 e6 7. f4 Be7 8. Qd2
Qc7 9. O-O-O Nbd7 10. Nf3 O-O 11. h3 h6 12. Bh4 b5 13. g4 Bb7 14. g5 Nxe4 15.
Nxe4 Bxe4 16. Bg2 Rac8 17. Ne1 Nc5 18. Bxe4 Nxe4 19. Qd3 d5 20. Kb1 Qxf4 21.
gxh6 Bxh4 22. hxg7 Rfd8 23. Ng2 Qg3 24. Qxg3 Bxg3 25. Rhf1 Rd7 26. Ne1 Bxe1 27.
Rfxe1 f5 28. Rg1 Rxg7 29. Kc1 Rcc7 30. Rdf1 Rxg1 31. Rxg1+ Rg7 32. Rh1 Rg2 33.
h4 Nf2 34. Rf1 e5 35. Kd2 Ne4+ 36. Kc1 Ng3 37. Rf3 f4 38. Ra3 e4 39. Rxa6 f3
40. Rf6 f2 41. b4 f1=Q+ 42. Rxf1 Nxf1 43. Kb2 Ne3 44. Kc3 Nd1+ 45. Kd4 Rd2+ 46.
Kc5 Nc3 47. a3 e3 0-1

[Event "Tournoi Skype 010"]
[Site "Skype"]
[Date "????.??.??"]
[Round "4.16"]
[White "Kumar Pradhan, Soundarya"]
[Black "Martin, Elise"]
[Result "1-0"]
[WhiteElo "1570"]
[BlackElo "1196"]
[PlyCount "53"]

1. d4 d5 2. c4 Nf6 3. cxd5 Nxd5 4. e4 Nf6 5. Nc3 e6 6. Bg5 Be7 7. Bc4 O-O 8.
Nge2 b6 9. O-O Bb7 10. f3 Nc6 11. Be3 Bb4 12. a3 Bxc3 13. bxc3 Na5 14. Bd3 Qd6
15. e5 Qe7 16. exf6 Qxf6 17. Qc2 Qh6 18. Bxh6 gxh6 19. Ng3 Nc6 20. Bxh7+ Kh8
21. d5 Ne7 22. dxe6 fxe6 23. Be4 Bxe4 24. Qxe4 Rad8 25. Nh5 Rd2 26. Qe5+ Kh7
27. Qg7# 1-0

[Event "Tournoi Skype 010"]
[Site "Skype"]
[Date "????.??.??"]
[Round "4.17"]
[White "De Coninck, Philippe"]
[Black "Bucherie, Volcy"]
[Result "1-0"]
[WhiteElo "1510"]
[BlackElo "1179"]
[PlyCount "53"]

1. e4 c6 2. Nf3 d5 3. exd5 cxd5 4. Bb5+ Nc6 5. O-O Nf6 6. d4 Bf5 7. c4 a6 8.
Bxc6+ bxc6 9. Ne5 e6 10. Nxc6 Qc7 11. Qa4 Bd6 12. Ne5+ Nd7 13. Qxd7+ Qxd7 14.
Nxd7 Kxd7 15. cxd5 exd5 16. Nc3 Ke6 17. Re1+ Kd7 18. Nxd5 Kc6 19. Nc3 Bb4 20.
Bd2 Ra7 21. Rac1 Kb6 22. Nd5+ Kb5 23. Bxb4 Rc8 24. Rxc8 Bxc8 25. Rc1 Be6 26.
Rc5+ Ka4 27. b3# 1-0

[Event "Tournoi Skype 010"]
[Site "Skype"]
[Date "????.??.??"]
[Round "4.18"]
[White "Armingaud, Jean-Claude"]
[Black "Galani, Mahendra"]
[Result "0-1"]
[WhiteElo "1142"]
[BlackElo "1491"]
[PlyCount "70"]

1. e4 e5 2. Nf3 d6 3. Bc4 Qe7 4. O-O a6 5. Nc3 Nf6 6. d3 h6 7. Nd5 Nxd5 8. Bxd5
c6 9. Bb3 Qf6 10. a4 Be7 11. Be3 Qg6 12. g3 Bg4 13. Kg2 h5 14. h4 Nd7 15. Qd2
f5 16. c4 fxe4 17. dxe4 Qxe4 18. Qe2 Qf5 19. Bc2 e4 20. Bxe4 Qxe4 21. b3 Ne5
22. Bf4 Bxf3+ 23. Qxf3 Qxf3+ 24. Kg1 Nd3 25. Rad1 Nxf4 26. gxf4 Qg4+ 27. Kh2
Qxf4+ 28. Kh3 Qxh4+ 29. Kg2 O-O-O 30. Rfe1 Rhf8 31. Rxe7 Qxe7 32. Rd4 Qg5+ 33.
Kh3 Rf3+ 34. Kh2 Rxf2+ 35. Kh3 Rg2 0-1

[Event "Tournoi Skype 010"]
[Site "Skype"]
[Date "????.??.??"]
[Round "4.19"]
[White "Porcabeuf, Jean-Marc"]
[Black "Belouin, Alexis"]
[Result "1-0"]
[WhiteElo "1291"]
[BlackElo "1422"]
[PlyCount "47"]

1. d4 d5 2. c4 e6 3. Nf3 Nf6 4. a3 dxc4 5. Nc3 Bd6 6. e4 Be7 7. Bxc4 b6 8. O-O
Bb7 9. Re1 c5 10. e5 Nh5 11. Ne4 g6 12. Neg5 Bxf3 13. Nxf3 O-O 14. Qd2 a6 15.
Re4 Nc6 16. Bd3 Nxd4 17. Nxd4 cxd4 18. Qh6 f5 19. exf6 Rxf6 20. Re5 Bd6 21.
Rxh5 b5 22. Qxh7+ Kf8 23. Bxg6 e5 24. Bh6# 1-0

[Event "Tournoi Skype 010"]
[Site "Skype"]
[Date "????.??.??"]
[Round "4.20"]
[White "Sharma, Mayank"]
[Black "Legueltel, Daniel"]
[Result "1-0"]
[WhiteElo "1676"]
[BlackElo "1719"]
[PlyCount "91"]

1. e4 c5 2. Nf3 d6 3. d4 cxd4 4. Nxd4 Nf6 5. Nc3 Nc6 6. Bb5 Bd7 7. Nxc6 Bxc6 8.
Bxc6+ bxc6 9. O-O g6 10. Bg5 Bg7 11. h3 O-O 12. Qd2 Qb6 13. Rab1 Rfe8 14. Kh1
Rad8 15. f4 Qa5 16. f5 Nh5 17. Rf3 Be5 18. Qe3 Nf6 19. fxg6 fxg6 20. a3 Rb8 21.
Rff1 Rb6 22. Bf4 Reb8 23. Bxe5 Qxe5 24. b4 a5 25. bxa5 Rxb1 26. Rxb1 Rxb1+ 27.
Nxb1 Qxa5 28. Nd2 Qe5 29. Qd3 Kg7 30. c3 c5 31. Kg1 h5 32. a4 h4 33. a5 d5 34.
exd5 Nxd5 35. Nf3 Qh5 36. Qe4 Kf7 37. c4 Nf6 38. Qxh4 Qf5 39. Qf2 Qb1+ 40. Kh2
Qb4 41. Ne5+ Kg7 42. Qg3 Qb1 43. a6 Nh5 44. Qg5 Qb6 45. Qxe7+ Kh6 46. Ng4# 1-0

[Event "Tournoi Skype 010"]
[Site "Skype"]
[Date "????.??.??"]
[Round "4.21"]
[White "Loyarte, Frederic"]
[Black "Belazzoug, Farid"]
[Result "1/2-1/2"]
[WhiteElo "1473"]
[BlackElo "1686"]
[PlyCount "54"]

1. e4 e6 2. d4 d5 3. e5 c5 4. c3 Nc6 5. Bb5 Bd7 6. Be3 cxd4 7. cxd4 Nxe5 8.
dxe5 Bxb5 9. Nc3 a6 10. a4 Bc6 11. Nf3 Ne7 12. Nd4 Rc8 13. Rb1 Ng6 14. Nxc6
Rxc6 15. Qb3 Qd7 16. f4 Bc5 17. Ne2 Bxe3 18. Qxe3 O-O 19. Nd4 Rc7 20. b3 Rfc8
21. O-O Rc3 22. Qd2 Qc7 23. Ne2 Rc2 24. Qe3 Qc5 25. Qxc5 R2xc5 26. g3 Ne7 27.
Rfc1 Rxc1+ 1/2-1/2

[Event "Tournoi Skype 010"]
[Site "Skype"]
[Date "????.??.??"]
[Round "4.22"]
[White "Murgia, Stefano"]
[Black "Talbot, Jean"]
[Result "1-0"]
[WhiteElo "1769"]
[BlackElo "1399"]
[PlyCount "43"]

1. e4 e5 2. d4 d6 3. Nf3 Nc6 4. Bb5 a6 5. Bxc6+ bxc6 6. dxe5 dxe5 7. Qxd8+ Kxd8
8. Nxe5 Be6 9. Nxc6+ Kd7 10. Nd4 Re8 11. O-O Bc4 12. Re1 Bc5 13. c3 f6 14. Bf4
g5 15. Bg3 Nh6 16. Nd2 Bf7 17. a4 a5 18. Rad1 Bg6 19. N2b3 Bb6 20. Nf5+ Ke6 21.
Nxh6 f5 22. exf5+ 1-0

[Event "Tournoi Skype 010"]
[Site "Skype"]
[Date "????.??.??"]
[Round "4.23"]
[White "Rajpurohit, Dinesh"]
[Black "Philibert, Andre"]
[Result "1-0"]
[WhiteElo "1707"]
[BlackElo "1358"]
[PlyCount "31"]

1. e4 e5 2. Bc4 Nf6 3. d3 Be7 4. Nf3 d6 5. Ng5 d5 6. exd5 Nxd5 7. Nxf7 Kxf7 8.
Qf3+ Bf6 9. Bxd5+ Ke7 10. Bxb7 Bxb7 11. Qxb7 Nc6 12. Qxc6 Rf8 13. Be3 a5 14.
Nc3 Rb8 15. Nd5+ Kf7 16. Nxc7 1-0

[Event "Tournoi Skype 010"]
[Site "Skype"]
[Date "????.??.??"]
[Round "4.24"]
[White "Capdeville, Bastien"]
[Black "Janssen, Gerard"]
[Result "0-1"]
[WhiteElo "1399"]
[BlackElo "1602"]
[PlyCount "64"]

1. e4 c5 2. f4 Nc6 3. Nf3 d6 4. h3 Nf6 5. d3 e6 6. c4 Be7 7. Nbd2 a5 8. a4 Nh5
9. Nb3 Ng3 10. Rg1 Nb4 11. Kf2 Nxf1 12. Rxf1 Qb6 13. Kg1 Qc6 14. Qe2 b6 15. g3
Bb7 16. h4 h6 17. Kg2 O-O-O 18. Be3 d5 19. cxd5 exd5 20. Rfc1 Kb8 21. Bd2 dxe4
22. Ne5 Qe6 23. dxe4 Qxb3 24. Qc4 Qxc4 25. Nxc4 Bxe4+ 26. Kf2 Nd3+ 27. Ke3 Nxc1
28. Kxe4 Nb3 29. Rd1 Rd4+ 30. Ke3 Rxc4 31. Bc3 Re8 32. Bxg7 Bf6+ 0-1

[Event "Tournoi Skype 010"]
[Site "Skype"]
[Date "????.??.??"]
[Round "4.27"]
[White "Trivedi, Viral"]
[Black "Yeter, Orhan"]
[Result "1-0"]
[WhiteElo "1581"]
[BlackElo "1399"]
[PlyCount "39"]

1. e4 e5 2. Bc4 d6 3. Nf3 Nf6 4. Ng5 d5 5. exd5 Nxd5 6. d4 Be7 7. Nxf7 Kxf7 8.
Qf3+ Ke8 9. Bxd5 Rf8 10. Qh5+ g6 11. Qxe5 c6 12. Bb3 Nd7 13. Qg3 Qa5+ 14. c3
Nf6 15. Nd2 Bd7 16. O-O Rd8 17. Re1 Nd5 18. Nc4 Qc7 19. Qxc7 Nxc7 20. Nd6# 1-0

[Event "Tournoi Skype 010"]
[Site "Skype"]
[Date "????.??.??"]
[Round "4.28"]
[White "Farfallini, Michel"]
[Black "Dubois, Real"]
[Result "0-1"]
[WhiteElo "1300"]
[BlackElo "1534"]
[PlyCount "40"]

1. e4 e5 2. Nf3 d6 3. Bc4 Be7 4. O-O Nf6 5. Nc3 O-O 6. d4 exd4 7. Nxd4 Bd7 8.
Bf4 Nc6 9. Nf3 a6 10. e5 dxe5 11. Nxe5 Nxe5 12. Bxe5 Bc6 13. Bd3 Bd6 14. Bxf6
Qxf6 15. Re1 Qg5 16. Ne4 Bxe4 17. Bxe4 Rab8 18. Qf3 c6 19. Bxh7+ Kxh7 20. Qd3+
Qg6 0-1

[Event "Tournoi Skype 010"]
[Site "Skype"]
[Date "????.??.??"]
[Round "4.29"]
[White "Malbec, Robert"]
[Black "Raheja, Shiv"]
[Result "1-0"]
[WhiteElo "1530"]
[BlackElo "1335"]
[PlyCount "63"]

1. e4 e5 2. Nf3 Nc6 3. Bb5 Bc5 4. O-O Nf6 5. Re1 Ng4 6. Re2 a6 7. Ba4 O-O 8.
Nc3 b5 9. Bb3 Nf6 10. d3 Qe8 11. Bg5 Be7 12. Re1 d6 13. h3 Rb8 14. a3 Nd8 15.
Qd2 Ne6 16. Bxf6 Bxf6 17. Nd5 Bd8 18. Ne3 Nf4 19. Ng4 Bxg4 20. hxg4 Qd7 21. Nh2
Qe7 22. Qe3 Qf6 23. Kh1 Qg6 24. f3 h5 25. Qf2 Bg5 26. c3 hxg4 27. Rad1 Qh6 28.
fxg4 Kh7 29. d4 exd4 30. cxd4 Kg6 31. g3 Ne6 32. Qf5# 1-0

[Event "Tournoi Skype 010"]
[Site "Skype"]
[Date "????.??.??"]
[Round "4.30"]
[White "Duthoit, Bernard"]
[Black "Ryan, Lea"]
[Result "1-0"]
[WhiteElo "1517"]
[BlackElo "1300"]
[PlyCount "85"]

1. e4 e5 2. d4 exd4 3. c3 Nc6 4. Nf3 Nf6 5. e5 Nd5 6. Bc4 Nb6 7. Bb3 d6 8. cxd4
dxe5 9. Nxe5 Nxe5 10. dxe5 Qxd1+ 11. Kxd1 Bg4+ 12. f3 Bf5 13. Nc3 Bg6 14. Bg5
h6 15. Bh4 Be7 16. Bxe7 Kxe7 17. Ke2 Rad8 18. Rhd1 Rxd1 19. Rxd1 Bh5 20. Nb5 c6
21. Nxa7 f6 22. exf6+ Kxf6 23. Nxc6 bxc6 24. Rd6+ Ke7 25. Rxc6 Nd7 26. h3 g5
27. a4 Rb8 28. Re6+ Kd8 29. Re3 Rc8 30. Rd3 Ke8 31. Be6 Rc2+ 32. Ke3 Nc5 33.
Rd6 Nxa4 34. Bd7+ Ke7 35. Bxa4 Kxd6 36. Bxc2 Kc7 37. Bd3 Kb8 38. b4 Ka7 39. b5
Kb6 40. Kd4 Be8 41. Ke5 Bxb5 42. Bxb5 Kxb5 43. Kf6 1-0

[Event "Tournoi Skype 010"]
[Site "Skype"]
[Date "????.??.??"]
[Round "4.31"]
[White "Capdeville, Jean"]
[Black "L'Herbon De Lussats, Jean"]
[Result "0-1"]
[WhiteElo "1360"]
[BlackElo "1509"]
[PlyCount "86"]

1. e4 c5 2. e5 Nc6 3. Nf3 e6 4. d3 d5 5. Bg5 Be7 6. Bxe7 Ngxe7 7. d4 cxd4 8.
Nxd4 Nxe5 9. Bb5+ Bd7 10. Bxd7+ Qxd7 11. Nf3 Qc7 12. O-O Nxf3+ 13. Qxf3 Qxc2
14. Qc3 Qxc3 15. Nxc3 O-O 16. Nb5 Rfd8 17. Rac1 Nc6 18. Rfe1 Rd7 19. Rcd1 d4
20. f4 a6 21. Na3 f6 22. Rxe6 Rad8 23. Nc4 d3 24. g4 Kf7 25. f5 Rd4 26. b3
Rxg4+ 27. Kh1 g6 28. Nd6+ Kg7 29. fxg6 Rd7 30. Rxd3 Rd4 31. Rxd4 Nxd4 32. Ne8+
Kxg6 33. Rxf6+ Kg5 34. Kg2 h5 35. h3 h4 36. Rb6 Re7 37. Nd6 Re2+ 38. Kg1 Rxa2
39. Rxb7 a5 40. Ne4+ Kf4 41. Nc3 Ra3 42. Nd5+ Kg3 43. b4 Ra1# 0-1

[Event "Tournoi Skype 010"]
[Site "Skype"]
[Date "????.??.??"]
[Round "4.32"]
[White "Martin, Jean-Claude"]
[Black "Belouin, Bruno"]
[Result "0-1"]
[WhiteElo "1290"]
[BlackElo "1490"]
[PlyCount "52"]

1. d4 d5 2. c4 Nf6 3. Nc3 e6 4. Nf3 Nc6 5. Bg5 Bb4 6. e3 Bd7 7. Bd3 h6 8. Bh4
Qe7 9. Rc1 Bxc3+ 10. bxc3 Qa3 11. Qc2 Na5 12. O-O Ba4 13. Qb1 dxc4 14. Bc2 Bc6
15. Bxf6 gxf6 16. Be4 Qd6 17. Bxc6+ Qxc6 18. Qb4 b6 19. Rb1 O-O-O 20. Qb5 Qe4
21. Nd2 Qd3 22. Rfd1 Qxc3 23. Ne4 Qa3 24. Qb4 Qxb4 25. Rxb4 f5 26. Rc1 fxe4 0-1

[Event "Tournoi Skype 010"]
[Site "Skype"]
[Date "????.??.??"]
[Round "4.33"]
[White "Gabriele, Noel"]
[Black "Briere, Jean"]
[Result "1/2-1/2"]
[WhiteElo "1299"]
[BlackElo "1465"]
[PlyCount "97"]

1. e4 e5 2. Nf3 Nc6 3. Bc4 Nf6 4. d3 Bc5 5. O-O O-O 6. Nc3 h6 7. h3 d6 8. Nd5
Be6 9. c3 Bxd5 10. exd5 Ne7 11. Qc2 Ng6 12. b4 Bb6 13. Bd2 Nh5 14. Qd1 Nhf4 15.
Kh2 Qd7 16. Ng1 Qf5 17. Qf3 Nh4 18. Qg3 Nfxg2 19. Bxh6 Qg6 20. Bg5 Qh5 21. Bxh4
Nxh4 22. Rae1 Rae8 23. Re4 f5 24. Rxh4 Qf7 25. f3 Qf6 26. f4 Kf7 27. Ne2 Rh8
28. Rxh8 Rxh8 29. fxe5 dxe5 30. d6+ Kf8 31. d7 Ke7 32. d4 exd4 33. cxd4 Kxd7
34. Rf4 g5 35. Rf1 g4 36. h4 Rxh4+ 37. Kg2 Rh3 38. Qf4 Qc6+ 39. d5 Qf6 40. a4
c6 41. dxc6+ Kxc6 42. Bb5+ Kd5 43. Rd1+ Ke6 44. Bc4+ Ke7 45. Nc3 Qxc3 46. Qg5+
Qf6 47. Re1+ Re3 48. Rxe3+ Bxe3 49. Qxe3+ 1/2-1/2

[Event "Tournoi Skype 010"]
[Site "Skype"]
[Date "????.??.??"]
[Round "4.34"]
[White "Vervoort, Jean-Louis"]
[Black "Saidi, Bhen"]
[Result "0-1"]
[WhiteElo "1269"]
[BlackElo "1465"]
[PlyCount "60"]

1. e4 e5 2. Nf3 Nc6 3. Bb5 Nf6 4. Nc3 Bb4 5. d3 a6 6. Bxc6 dxc6 7. O-O Bg4 8.
Qe2 O-O 9. Qe3 Nd7 10. a3 Bc5 11. Qe2 Bd4 12. Be3 Bxf3 13. gxf3 Bxe3 14. Qxe3
Qf6 15. Ne2 Rfd8 16. f4 Qg6+ 17. Kh1 Qf6 18. fxe5 Nxe5 19. Rg1 Nf3 20. Rg3 Ne5
21. Rag1 g6 22. Qh6 Kh8 23. Rh3 Qg7 24. Qf4 Rd6 25. Rg5 Re8 26. Ng3 Rf6 27. Qd2
Nf3 28. Qe2 Nxg5 29. e5 Nxh3 30. exf6 Rxe2 0-1

[Event "Tournoi Skype 010"]
[Site "Skype"]
[Date "????.??.??"]
[Round "4.36"]
[White "Coude, Josue"]
[Black "Mordaa, Ahmad"]
[Result "0-1"]
[WhiteElo "1146"]
[BlackElo "1457"]
[PlyCount "60"]

1. e4 e5 2. Nf3 Nc6 3. Bb5 a6 4. Ba4 Nf6 5. d3 b5 6. Bb3 Bc5 7. Bg5 h6 8. Bh4
d6 9. Nc3 Be6 10. Nd5 g5 11. Bg3 a5 12. Nxf6+ Qxf6 13. Bxe6 fxe6 14. b3 Bb4+
15. Nd2 Bc3 16. Rb1 h5 17. h4 g4 18. O-O O-O-O 19. a4 b4 20. Nc4 d5 21. Ne3
dxe4 22. Qe2 Nd4 23. Qd1 exd3 24. cxd3 Qg6 25. Nc4 Nc6 26. Nxe5 Nxe5 27. f4
gxf3 28. gxf3 Qxg3+ 29. Kh1 Qxh4+ 30. Kg2 Rhg8# 0-1

[Event "Tournoi Skype 010"]
[Site "Skype"]
[Date "????.??.??"]
[Round "4.37"]
[White "Vincent, Andre"]
[Black "Gagnon, Sindy"]
[Result "1-0"]
[WhiteElo "1426"]
[BlackElo "1077"]
[PlyCount "59"]

1. Nf3 e6 2. g3 Nf6 3. Bg2 Be7 4. c4 O-O 5. Nc3 d5 6. d4 b6 7. O-O Bb7 8. Re1
Nc6 9. Bf4 dxc4 10. e4 Bb4 11. Rc1 Rb8 12. a3 Ba5 13. Re2 Nxe4 14. Nxe4 Qe7 15.
d5 exd5 16. Neg5 f6 17. Rxe7 Nxe7 18. Ne6 Rf7 19. Nxc7 Nf5 20. Nd4 Re7 21. Nxd5
Bxd5 22. Bxd5+ Kf8 23. Bxb8 Rd7 24. Nxf5 g6 25. Bd6+ Ke8 26. Qe2+ Kd8 27. Be7+
Kc8 28. Rxc4+ Kb8 29. Bd6+ Rc7 30. Qe8# 1-0

[Event "Tournoi Skype 010"]
[Site "Skype"]
[Date "????.??.??"]
[Round "4.38"]
[White "Cossalter, Maurizio"]
[Black "Lequeux, Pierre"]
[Result "1-0"]
[WhiteElo "1422"]
[BlackElo "1000"]
[PlyCount "71"]

1. Nf3 Nf6 2. d4 d5 3. c4 e6 4. e3 dxc4 5. Bxc4 Bb4+ 6. Nc3 Ba5 7. Bd3 O-O 8.
Qc2 g6 9. O-O Bxc3 10. Qxc3 Nbd7 11. b3 c6 12. Bb2 Ne8 13. d5 f6 14. dxe6 Nb6
15. Rfd1 Bxe6 16. Ng5 Bg4 17. Bc4+ Nd5 18. Bxd5+ cxd5 19. f3 Rc8 20. Qd4 h6 21.
Qxg4 fxg5 22. Qe6+ Rf7 23. Qxg6+ Kf8 24. Qxh6+ Ke7 25. Ba3+ Kd7 26. Rxd5+ Nd6
27. Rxd6+ Kc7 28. Rxd8 Rxd8 29. Rc1+ Kb8 30. Qxg5 Rfd7 31. Qe5+ Ka8 32. h3 Rd5
33. Rc8+ Rxc8 34. Qxd5 a6 35. Qd7 Rc1+ 36. Bxc1 1-0

[Event "Tournoi Skype 010"]
[Site "Skype"]
[Date "????.??.??"]
[Round "4.39"]
[White "Pedneault, Anne-Frederique"]
[Black "Gerbaux, Regis"]
[Result "0-1"]
[WhiteElo "1047"]
[BlackElo "1422"]
[PlyCount "44"]

1. e4 c5 2. Nf3 Nc6 3. Bc4 d6 4. c3 e6 5. d4 cxd4 6. cxd4 d5 7. Bb5 Bd7 8. e5
Qa5+ 9. Bd2 Qxb5 10. Nc3 Qxb2 11. Qc1 Qxc1+ 12. Rxc1 Ba3 13. Rb1 Nb4 14. O-O
Ne7 15. Rb3 Nc2 16. Rxb7 Bc6 17. Nb5 Bxb5 18. Rxb5 O-O 19. Bc1 Bxc1 20. Rxc1
Na3 21. Rb7 Rfc8 22. Rxe7 Rxc1+ 0-1

[Event "Tournoi Skype 010"]
[Site "Skype"]
[Date "????.??.??"]
[Round "4.41"]
[White "Antonic, Nenad"]
[Black "Meaney, Mike"]
[Result "1/2-1/2"]
[WhiteElo "1488"]
[BlackElo "1650"]
[PlyCount "38"]

1. d4 Nf6 2. e3 d5 3. Bd3 e6 4. Nf3 c5 5. Nbd2 Bd6 6. O-O O-O 7. e4 dxe4 8.
Nxe4 Nxe4 9. Bxe4 Nd7 10. c3 Nf6 11. Bg5 Be7 12. Bxf6 Bxf6 13. Qc2 g6 14. Rfd1
Qe7 15. Rd2 Rd8 16. Rad1 Bg7 17. c4 Bh6 18. Re2 Bg7 19. Red2 Bh6 1/2-1/2

[Event "Tournoi Skype 010"]
[Site "Skype"]
[Date "????.??.??"]
[Round "4.43"]
[White "Dhenain, Sebastien"]
[Black "Baker, Abi"]
[Result "1-0"]
[WhiteElo "1227"]
[BlackElo "1062"]
[PlyCount "63"]

1. e4 e6 2. e5 d5 3. d4 c5 4. c3 Bd7 5. Nf3 Ne7 6. c4 Qa5+ 7. Bd2 Ba4 8. b3
Nec6 9. Bxa5 Nxa5 10. bxa4 Nxc4 11. Bxc4 dxc4 12. dxc5 Nc6 13. O-O Bxc5 14. Qc2
Rd8 15. Nc3 Nd4 16. Nxd4 Bxd4 17. Rab1 b6 18. Nb5 Bxe5 19. Qxc4 O-O 20. Nxa7
Rd7 21. Nc6 Rc7 22. Qb5 Bf4 23. g3 e5 24. Qxb6 Rfc8 25. Na7 Rc1 26. Nxc8 Rxf1+
27. Kxf1 g5 28. gxf4 exf4 29. Qd8+ Kg7 30. Qxg5+ Kh8 31. Rb8 f3 32. Ne7# 1-0

[Event "Tournoi Skype 010"]
[Site "Skype"]
[Date "????.??.??"]
[Round "4.44"]
[White "Tamditi, Ibrahim"]
[Black "Letourneau, Judith"]
[Result "1-0"]
[WhiteElo "1209"]
[BlackElo "1000"]
[PlyCount "47"]

1. e4 e5 2. Nf3 Nc6 3. Bb5 a6 4. Bxc6 dxc6 5. Nxe5 Bd6 6. Nc4 Nf6 7. e5 O-O 8.
exd6 cxd6 9. O-O Bf5 10. d4 Be6 11. Nba3 Ne4 12. Re1 Ng5 13. c3 b5 14. Nxd6 Qd7
15. Ndxb5 Rab8 16. Bxg5 f6 17. Bf4 c5 18. Bxb8 Rxb8 19. dxc5 Rc8 20. Nd4 Bc4
21. Nxc4 Rxc5 22. Nb3 Rb5 23. Qxd7 Rb6 24. Qe8# 1-0

[Event "Tournoi Skype 010"]
[Site "Skype"]
[Date "????.??.??"]
[Round "5.1"]
[White "Mulrooney, Justin"]
[Black "Auger, Bertrand"]
[Result "0-1"]
[WhiteElo "1300"]
[BlackElo "1991"]
[PlyCount "44"]

1. d4 Nf6 2. c4 e6 3. Nc3 Bb4 4. Nf3 b6 5. e3 Bb7 6. Be2 O-O 7. a3 Bxc3+ 8.
bxc3 Ne4 9. Qc2 f5 10. O-O c5 11. Bb2 Qe7 12. Ne1 Nc6 13. d5 Ne5 14. f3 Nd6 15.
e4 fxe4 16. fxe4 Rxf1+ 17. Kxf1 Ndxc4 18. Bc1 Rf8+ 19. Kg1 exd5 20. exd5 Qh4
21. Nf3 Rxf3 22. Bxf3 Qe1# 0-1

[Event "Tournoi Skype 010"]
[Site "Skype"]
[Date "????.??.??"]
[Round "5.2"]
[White "Plourde, Alain"]
[Black "Sagar Pati, Manjeet"]
[Result "1/2-1/2"]
[WhiteElo "1820"]
[BlackElo "1399"]
[PlyCount "75"]

1. d4 d5 2. c4 e6 3. Nc3 Nf6 4. Nf3 Nbd7 5. e3 c6 6. Qc2 Bd6 7. Bd3 O-O 8. O-O
Qe7 9. h3 h6 10. e4 dxc4 11. Bxc4 e5 12. Be3 exd4 13. Bxd4 Ne5 14. Nxe5 Bxe5
15. Bxe5 Qxe5 16. Kh1 Nh5 17. Rad1 Be6 18. Bxe6 fxe6 19. Na4 b6 20. Nc3 Nf4 21.
Ne2 Nxe2 22. Qxe2 Rad8 23. Rxd8 Rxd8 24. b3 Rd4 25. f3 c5 26. Kg1 Qd6 27. Qe3
Rd3 28. Qc1 Rd2 29. a4 Qd4+ 30. Kh2 Qb2 31. Qxb2 Rxb2 32. Rd1 Rxb3 33. Rd8+ Kh7
34. Rd6 e5 35. Rd5 c4 36. Rxe5 c3 37. Re7 Rb5 38. axb5 1/2-1/2

[Event "Tournoi Skype 010"]
[Site "Skype"]
[Date "????.??.??"]
[Round "5.3"]
[White "Ayotte, Jocelyn"]
[Black "Catherine, Bertrand"]
[Result "1/2-1/2"]
[WhiteElo "2067"]
[BlackElo "1909"]
[PlyCount "50"]

1. d4 Nf6 2. c4 c5 3. Nf3 cxd4 4. Nxd4 e5 5. Nc2 d5 6. cxd5 Qxd5 7. Qxd5 Nxd5
8. a3 Bf5 9. Ne3 Nxe3 10. Bxe3 Nc6 11. Nc3 O-O-O 12. Bg5 f6 13. e4 Nd4 14.
O-O-O Nb3+ 15. Kc2 Rxd1 16. Kxd1 Bg4+ 17. f3 Bxf3+ 18. gxf3 fxg5 19. Nd5 Nd4
20. Be2 Ne6 21. Kd2 Bd6 22. b4 Nf4 23. Nxf4 gxf4 24. Rg1 Rd8 25. Kc2 g6 1/2-1/2

[Event "Tournoi Skype 010"]
[Site "Skype"]
[Date "????.??.??"]
[Round "5.4"]
[White "Hervais, Adrien"]
[Black "Kumar Pradhan, Soundarya"]
[Result "1-0"]
[WhiteElo "2038"]
[BlackElo "1570"]
[PlyCount "37"]

1. e4 e6 2. d4 d5 3. Nd2 Nf6 4. e5 Nfd7 5. Bd3 c5 6. c3 Nc6 7. Ne2 b6 8. O-O
Bb7 9. f4 g6 10. Nf3 h5 11. Ng5 Be7 12. Nxe6 fxe6 13. Bxg6+ Kf8 14. f5 Kg7 15.
fxe6 Ndxe5 16. dxe5 Kxg6 17. Qd3+ Kg7 18. Qg3+ Kh7 19. Rf7# 1-0

[Event "Tournoi Skype 010"]
[Site "Skype"]
[Date "????.??.??"]
[Round "5.5"]
[White "Engstrom, Olle"]
[Black "Hilton, Stephen"]
[Result "1/2-1/2"]
[WhiteElo "1590"]
[BlackElo "1937"]
[PlyCount "86"]

1. d4 Nf6 2. c4 g6 3. Nc3 d5 4. cxd5 Nxd5 5. e4 Nxc3 6. bxc3 Bg7 7. Bc4 O-O 8.
Ne2 c5 9. Be3 Nc6 10. O-O Na5 11. Bd3 c4 12. Bc2 Bd7 13. Qd2 Re8 14. Bh6 Bxh6
15. Qxh6 e5 16. Ng3 exd4 17. cxd4 Qf6 18. e5 Qg7 19. Qxg7+ Kxg7 20. f4 Nc6 21.
d5 Nb4 22. Be4 Nd3 23. Bxd3 cxd3 24. Ne4 Bb5 25. Nd6 Ba6 26. Nxe8+ Rxe8 27.
Rfe1 Bc4 28. d6 Rd8 29. Re4 b5 30. Kf2 f6 31. Rd4 fxe5 32. fxe5 Kf7 33. a4 a6
34. axb5 Bxb5 35. Re1 Ke6 36. Re3 Rc8 37. d7 Bxd7 38. Rd6+ Ke7 39. Rexd3 Bb5
40. Kg3 Rc5 41. R3d5 Rc4 42. Rd3 Re4 43. R3d5 Rxe5 1/2-1/2

[Event "Tournoi Skype 010"]
[Site "Skype"]
[Date "????.??.??"]
[Round "5.6"]
[White "Salazar Ticeran, Antonio"]
[Black "De Coninck, Philippe"]
[Result "1-0"]
[WhiteElo "1842"]
[BlackElo "1510"]
[PlyCount "55"]

1. e4 e5 2. Bc4 Nf6 3. d3 Bc5 4. Nc3 Nc6 5. Bg5 h6 6. Bh4 Be7 7. Nge2 d6 8. Bg3
O-O 9. O-O a6 10. f4 Ng4 11. Qd2 Nb4 12. h3 Ne3 13. Qxe3 Nxc2 14. Qf3 Nxa1 15.
Rxa1 exf4 16. Nxf4 Bf6 17. Rf1 Be6 18. Bxe6 Kh7 19. Bf5+ g6 20. Bg4 Be5 21. h4
c6 22. Kh1 d5 23. exd5 cxd5 24. Nfxd5 Bxg3 25. Qxg3 f5 26. Bf3 Rc8 27. Re1 Re8
28. Rxe8 1-0

[Event "Tournoi Skype 010"]
[Site "Skype"]
[Date "????.??.??"]
[Round "5.7"]
[White "Jacquelin, Norbert"]
[Black "Hargez, Dany"]
[Result "1-0"]
[WhiteElo "1810"]
[BlackElo "1399"]
[PlyCount "37"]

1. e4 d5 2. exd5 Qxd5 3. Nc3 Qa5 4. d4 e5 5. Nf3 Bb4 6. Bd2 exd4 7. Nxd4 Nf6 8.
Qe2+ Be6 9. Nxe6 Be7 10. Nb5 Qb6 11. Nbxc7+ Kd7 12. Nxa8 Qxe6 13. Qxe6+ fxe6
14. O-O-O Nc6 15. Bf4+ Nd5 16. Nc7 Bd6 17. Nxd5 Bxf4+ 18. Nxf4+ Kc7 19. Nxe6+
1-0